| 000 | 00907nam a22002175i 4500 | ||
|---|---|---|---|
| 001 | 102826 | ||
| 003 | ES-MaACL | ||
| 005 | 20240217135815.0 | ||
| 007 | t| | ||
| 008 | 051213s1858 sp ||||1| spa d | ||
| 040 |
_aAR _bspa _cAR |
||
| 100 | 1 |
_aLostal de Tena, José. _974284 |
|
| 245 | 1 | 0 |
_aZaragoza histórica y descriptiva o sea Tradiciones históricas desde su fundación hasta nuestros días y descripción de sus principales monumentos / _cpor José Lostal de Tena. |
| 260 |
_aZaragoza : _b[s.n.], _c1858 ( _fImp. de Cristóbal Juste y Olona) |
||
| 300 |
_a250 p. ; _c21 cm. |
||
| 650 | 4 |
_aMonumentos- _zZaragoza. _9151224 |
|
| 651 | 4 |
_aZaragoza- _xHistoria. _9151223 |
|
| 852 |
_aES-MaACL _jR-3376 _9106670 _dOlim: G-1276 _zCotejado con la relación de obras recuperadas expediente robo _zCambio de signatura: datos tomados del fichero topográfico R. |
||
| 942 | _2udc | ||
| 999 |
_c102826 _d102826 |
||